| 000 | 00634nam a22002297a 4500 | ||
|---|---|---|---|
| 001 | 34669 | ||
| 003 | UA-OsUOA | ||
| 005 | 20231017160551.0 | ||
| 007 | ta | ||
| 008 | 20051018b un ||||| |||| 00| 0 ukr d | ||
| 020 | _a966-580-027-2 | ||
| 040 |
_aUA-OsUOA _bukr _cUA-OsUOA _dUA-OsUOA |
||
| 041 | _aukr | ||
| 080 | _a330.1(075.8) | ||
| 090 |
_a330.1(075.8) _bО74 |
||
| 245 |
_aОснови економічної теорії _bпосібник _cС. В. Мочерного |
||
| 260 |
_aК. _bАкадемія _c1998 |
||
| 300 | _a464 с. | ||
| 650 | 7 |
_a330 Економіка взагалі _2UDC |
|
| 942 |
_cBK _2udc |
||
| 955 | _a2 | ||
| 999 |
_c321096 _d321096 |
||